00934 2200193 4500245004500000020001800045250001100063100002000074700001800094700001900112650004300131005001900174260003800193041001400231084000800245300002300253500045500276336000900731 aPerfect ChemistrycElkeles, SimonehText a9786029719741 aCet. 1 aElkeles, Simone aMery Riansyah aAngelic Zaizai aNovel Inggris (dalam Bahasa Indonesia) a20250106091743 aJakartabLaluna and Friendsc2013 aIndonesia a823 a453 hlm. :c20 cm. aBrittany Ellis memiliki kehidupan yang "sempurna" : cantik, pintar, kaya, dan pacar yang populer. Alex Fruentes adalah gangster berdarah Meksiko, terkenal sebagai cowok bermasalah. Setidaknya itu yang tampak dari luar. Saat keduanya dipaksa menjadi partner lab di kaleas Kimia, Brittany merasa inilah akhir dari kehidupan sempurnanya. Sementara Alex menggunakan kesempatan tersebut untuk menenangkan taruhannya- menjerit Brittany ke dalam pelukannya. atext